000 00811nam a2200241 a 4500
001 000043160
005 20201002040702.0
008 140220s1999 sp 000 0 spa d
020 _a8483106515
040 _aDO-SdBNP
_bspa
_cBNPHU
041 1 7 _aspa
_heng
082 _axxx
_bxxx
100 1 _aThomas, Chantal,
_d1945-
_970727
240 1 0 _aComment supporter sa liberté.
_lEspañol
245 1 0 _aCómo soportar la libertad /
_cChantal Thomas ; traducción de Mauro Armiño.
260 _aBarcelona :
_bTusquets,
_c1999.
300 _a144 p. ;
_c21 cm.
490 1 _aEnsayo
_atusquets editores
_v43
500 _aIncluye datos biográficos del autor en la contracubiertas
504 _aBibliografía : p. 141-144
700 1 2 _aArmiño, Mauro
_etr.
_913314
830 0 _aEnsayo
_ptusquets editores ;
_n43
_970728
999 _c42649
_d42649